| 000 | 00479nam a2200181Ia 4500 | ||
|---|---|---|---|
| 008 | 170705s9999 xx 000 0 und d | ||
| 020 | _a9780545016223 | ||
| 245 | _aAmelia Bedelia under construction / | ||
| 245 | _cHerman Parish ; pictures by Lynn Sweat. | ||
| 260 | _aNew York : | ||
| 260 | _bScholastic, | ||
| 260 | _c2006 | ||
| 300 | _a64 pages : | ||
| 300 | _bcolor illustration ; | ||
| 300 | _c23cm. | ||
| 440 | _aI can read! Reading with help 2. | ||
| 500 | _a670 | ||
| 999 |
_c335515 _d335515 |
||